Vezetési elméletek (egy gyakorlati példa bemutatása)
Elmentve itt :
| Szerző: | |
|---|---|
| További közreműködők: | |
| Dokumentumtípus: | Szakdolgozat |
| Megjelent: |
2001
|
| Tárgyszavak: | |
| Online Access: | http://diploma.bibl.u-szeged.hu/26652 |
| LEADER | 00587nta a2200157 i 4500 | ||
|---|---|---|---|
| 001 | dipl26652 | ||
| 005 | 20130314084302.0 | ||
| 008 | 111017s2001 hu om 0|| zxx d | ||
| 040 | |a SZTE Diploma Repozitórium |b hun | ||
| 041 | |a zxx | ||
| 100 | 2 | |a Gulyás-Szabó György | |
| 245 | 1 | 0 | |a Vezetési elméletek (egy gyakorlati példa bemutatása) |h [elektronikus dokumentum] / |c György Gulyás-Szabó |
| 260 | |c 2001 | ||
| 650 | 4 | |a Jogi és igazgatási tanulmányok | |
| 700 | 1 | |a Sallai Miklós |e ths | |
| 856 | 4 | 0 | |u http://diploma.bibl.u-szeged.hu/id/eprint/26652/1/2001_gulyas_szabo_gyorgy.pdf |z Dokumentum-elérés |